Capitali e Stati dell'Africa - Statistics

Statistiche generali
  • Questo quiz è stato fatto 1.233 volte
  • Il punteggio medio è 25 su 54
Statistiche sulle risposte
Hint Risposta % Corretto
Algeri Algeria
100%
Tripoli Libia
80%
São Tomé São Tomé e Príncipe
74%
Tunisi Tunisia
74%
Città del Capo, Pretoria, Bloemfontein Sudafrica
73%
Bissau Guinea-Bissau
72%
Gibuti Gibuti
71%
Rabat Marocco
71%
Il Ciro Egitto
70%
Nairobi Kenya
69%
Antananarivo Madagascar
64%
Addis Abeba Etiopia
57%
Victoria Seychelles
55%
Ouagadougou Burkina Faso
54%
Dakar Senegal
54%
Asmara Eritrea
52%
Luanda Angola
51%
Mogadiscio Somalia
51%
Moroni Comore
49%
Accra Ghana
48%
Port Louis Mauritius
46%
Praia Capo Verde
45%
Abuja Nigeria
45%
Brazzaville Repubblica del Congo
42%
Yaoundé Camerun
41%
Kinshasa Repubblica Democratica del Congo
41%
Freetown Sierra Leone
41%
Monrovia Liberia
39%
Windhoek Namibia
39%
Dodoma Tanzania
38%
Kampala Uganda
38%
Porto-Novo Benin
37%
N'Djamena Ciad
37%
Niamey Niger
37%
Gitega Burundi
36%
Lilongwe Malawi
36%
Lomé Togo
36%
Yamoussoukro Costa d'Avorio
35%
Khartoum Sudan
35%
Conakry Guinea
34%
Mapato Mozambico
34%
Giuba Sudan del Sud
34%
Harare Zimbabwe
34%
Gaborone Botswana
33%
Lusaka Zambia
33%
Libreville Gabon
32%
Bangui Repubblica Centrafricana
31%
Maseru Lesotho
30%
Kigali Ruanda
30%
Banjul Gambia
28%
Nouakchott Mauritania
28%
Mbabane eSwatini
27%
Bamako Mali
27%
Malabo Guinea Equatoriale
21%
Nessun quiz corrispondente trovato
Distribuzione punteggi
Percentuale di utenti per punteggio
Percentile per numero di risposta
I tuoi punteggi nel tempo
Non hai fatto questo quiz